| 000 | 00657nam a2200229Ia 4500 | ||
|---|---|---|---|
| 003 | OSt | ||
| 005 | 20230524114456.0 | ||
| 008 | 210423s2005 xx 000 0 und d | ||
| 020 | _a81-7473-300-0 | ||
| 040 | _cAL | ||
| 041 | _aeng | ||
| 082 |
_a613 JENB _223 |
||
| 100 |
_aJENKINS (C David). _9112230 |
||
| 245 | _aBuilding better health: a handbook of behavioral change. | ||
| 260 |
_aNew Delhi _bAITBS Publishers _c2005 |
||
| 300 |
_axvii,378 _bPB |
||
| 365 |
_b195 _cINR |
||
| 650 |
_aHealth Promotion _9112231 |
||
| 650 |
_aMedical Sciences _9112232 |
||
| 906 | _abehavioral ; better ; Building ; change. ; handbook ; health: | ||
| 942 |
_2ddc _cBK |
||
| 999 |
_c165407 _d165407 |
||